Historia del Arte III - Estadísticas

Estadísticas generales
  • Esta prueba ha sido intentada 10 veces
  • La puntuación promedio es 7 de 54
Estadísticas de respuestas
Imagen Hint Respuesta % Correcto
Qué representa? (ca. 1110 /1130-1140) El juicio final
56%
Dónde ? Tímpano de la portada occidental Santa Fe de Conques
44%
Dónde? Santa Fe de Conques
44%
Catedral de Tarragona
33%
1070-1077 Tapiz de Bayeux
33%
Ultimo cuarto del siglo XI Cáliz de doña Urraca
22%
Hacia 1080 (crismón!) Catedral de Jaca
22%
donde ? Catedral de Jaca
22%
San Isidoro de León Portada del Cordero
22%
Claustro abadía ca. 1100 San Pedro de Moissac.
22%
Fecha? Tímpano del nártex de Saint Savin 1060-1090
11%
cronología? 1110-1130
11%
Iglesia prioral 1120 Berzé –la-Ville
11%
Iglesia de Saint-Théudère en Saint-Chef-en-Dauphiné Capilla de los ángeles
11%
Castell de Cardona
11%
ca. 1150 portada occidental Catedral de Chartres
11%
ca. 1099-1120 Catedral de Módena - Fachada
11%
ca. 600 Cruz de San Eloi (orfebre)
11%
San Isidoro de León (1063) Cruzifijo de los reyes Fernando y Sancha y y
11%
Museu de Vic.2a mitad s. XII Descendimiento de Erill la Vall
11%
San Pierre de Moissac (1110-1125) El diablo y la Lujuria
11%
Saint Savin-sur-Gartempe Fábula de la zorra y el cuervo y la embriaguez de Noé
11%
ca. 1180 Jerarquías del conocimiento Hortus deliciarum - Herrade de Landsberg
11%
Moissac. Portada sur que abre al nártex Iglesia Abacial de San Pedro
11%
Portada central del nártex ca. 1130 Iglesia de la Magdalena de Vézelay
11%
fin. s. XI Iglesia de Saint-Théudère en Saint-Chef-en-Dauphiné
11%
Mediados del siglo XII Infierno. Salterio de Winchester
11%
s. XII Relieve. Sant Pere de Rodes La vocación de los apóstoles
11%
Renovatio - Basílica ca. 1112 (mosaico) Mosaico del Ábside San Clemente, Roma
11%
Qué son? Pigmeos
11%
Primer cuarto del siglo XII Porte Miègeville
11%
Ca. 1120 Tolouse Porte Miègeville. Saint-Sernin
11%
específico Praterías
11%
S. IX. Relicario de Carlomagno
11%
Imago Relicario Santa Fe de Conques
11%
<--- De la misma catedral (1130) Relieve con la tentación de Eva
11%
Fresco nave central Saint Savin sur Gartempe
11%
ca. 1109-1115 San Isidoro de León
11%
Los querubines de la visión de Ezequiel Santa Maria d'Aneu
11%
s. XII ? Santa María de Ripoll
11%
Sant Miquel del Canigó
11%
1040 (consagrada) Sant Vicent de Cardona
11%
(1048). Roma. San Lorenzo fuori le mura Sarcófago del papa Dámaso II
11%
Venancio Fortunato Vida de Santa Radegunda
11%
Mediados del siglo VIII Altar de San Pietro in Valle
0%
Portada sur. ca. 1120 Beulieu-sur-Dordogne
0%
ca. 1130 Catedral de San Lázaro. Portada occidental. Juicio Final
0%
Magdalena de Vézelay - Qué son? Cinocéfalos
0%
Alemania ca. 1093 Externsteine
0%
Qué son? Panocios
0%
Primera mitad de siglo VI (mosaico) San Apolinar in Classe, Ravenna
0%
Portada sur Ca. 1160 Santa Maria La Real de Sangüesa
0%
<--- reutilizado en portada occidental Sarcófago de Bethseda
0%
s. XI Catedral de Luca Volto Santo
0%
No se encontraron pruebas coincidentes
Distribución de puntuación
Porcentaje de gente con cada puntuación
Porcentaje por número respondido
Historial de tus puntuaciones
No has intentado esta prueba.